000
00218 a2200097 4500
001
39929
100
_a
Z A Sulehri
245
_a
Masla-e-Afghanistan
260
_a
Lahore
_b
jang Publishers
_c
1988
090
_c
24920
_d
24920
942
_a
NUST-CAE
_c
M
_c
16581
999
_c
275002
_d
275002